000 00551nam a2200169 4500
008 070525 1979 ph eng
090 _aBJ37
_bSi6p
100 1 _aSingson, Jose Mo.
245 1 0 _aPhilippine ethical values /
_cby Jose Mo. Singson.
260 _aManila :
_bTextbook Development Committee, De La Salle University,
_c1979.
300 _a231 p. ;
_c29 cm.
500 _a[Photocopy].
650 4 _aEthics
_xPhilippines.
650 4 _aValues.
950 0 _cPhp221.00.
951 _p30673
_x00034825
_oBJ37/Si6p
_j070613111640046
_d2000-12-21
_cFIL
999 _c29315
_d29315